[Event "45th IT Bosna 2015"]
[Site "Sarajevo"]
[Date "2015.05.31"]
[Round "3.32"]
[White "Terzic, Ilijas"]
[Black "Markovic, Dino"]
[Result "1-0"]
[WhiteElo "2166"]
[BlackElo "1905"]
[PlyCount "51"]
[EventDate "2015.05.30"]

1. d4 d5 2. Nf3 Nf6 3. c4 c6 4. e3 e6 5. Nc3 Nbd7 6. a3 dxc4 7. Bxc4 Bd6 8. O-O
O-O 9. e4 e5 10. Re1 Qc7 11. h3 h6 12. Ba2 exd4 13. Nxd4 Bh2+ 14. Kh1 Bf4 15.
Qf3 Bxc1 16. Raxc1 Qb6 17. Nf5 Qxb2 18. Qg3 Nh5 19. Nxh6+ Kh7 20. Qg5 gxh6 21.
Qxh5 Nf6 22. Qf3 Ng8 23. e5 Ne7 24. Bb1+ Ng6 25. Qf6 Qb3 26. Bxg6+ 1-0

[Event "45th IT Bosna 2015"]
[Site "Sarajevo"]
[Date "2015.05.31"]
[Round "3.33"]
[White "Bucan, Eldin"]
[Black "Vujicic, Dragisa"]
[Result "1/2-1/2"]
[WhiteElo "2155"]
[BlackElo "1866"]
[PlyCount "82"]
[EventDate "2015.05.30"]

1. e4 e5 2. Nf3 Nc6 3. Bc4 Nf6 4. O-O Nxe4 5. d3 Nf6 6. Re1 Be7 7. Nxe5 Nxe5 8.
Rxe5 d5 9. Bb3 Be6 10. Nc3 Nd7 11. Rxe6 fxe6 12. Qh5+ g6 13. Qg4 Nc5 14. Bh6
Qd7 15. d4 Nxb3 16. axb3 Bf6 17. Re1 O-O-O 18. Na4 b6 19. Ra1 Rhe8 20. Qe2 Qc6
21. Nc3 Kd7 22. Bf4 a6 23. Rxa6 Ra8 24. Rxa8 Rxa8 25. h3 Rc8 26. Nb5 Qb7 27. c4
Be7 28. Qe5 dxc4 29. bxc4 Qa6 30. d5 exd5 31. Qxd5+ Bd6 32. Nd4 Qa1+ 33. Kh2
Qe1 34. Qc6+ Kd8 35. Bxd6 cxd6 36. Qxd6+ Ke8 37. Ne6 Rxc4 38. Qf8+ Kd7 39. Qd8+
Kc6 40. Qe8+ Kd6 41. Qd8+ Kc6 1/2-1/2

[Event "45th IT Bosna 2015"]
[Site "Sarajevo"]
[Date "2015.05.31"]
[Round "3.34"]
[White "Mrndjic, Armin"]
[Black "Budisavljevic, Luka"]
[Result "1-0"]
[WhiteElo "2148"]
[BlackElo "1835"]
[PlyCount "77"]
[EventDate "2015.05.30"]

1. d4 Nf6 2. c4 c5 3. d5 e6 4. Nc3 exd5 5. cxd5 d6 6. e4 g6 7. f4 Bg7 8. Nf3
O-O 9. Be2 Bg4 10. O-O Nbd7 11. h3 Bxf3 12. Bxf3 Rb8 13. a4 a6 14. a5 b5 15.
axb6 Qxb6 16. Qa4 Ra8 17. Kh2 Rfb8 18. Re1 Re8 19. Ra3 Qb4 20. Rb3 Qxa4 21.
Nxa4 Rab8 22. Rxb8 Nxb8 23. Nb6 Re7 24. Nc8 Rd7 25. e5 Ne8 26. Bd2 Kf8 27. Bc3
Rd8 28. Nb6 Nc7 29. e6 Re8 30. f5 Bxc3 31. bxc3 Ke7 32. Be2 Rf8 33. fxg6 hxg6
34. Bg4 f5 35. Be2 Rf6 36. Nc8+ Kf8 37. Bc4 Ne8 38. Rb1 a5 39. Rxb8 1-0

[Event "45th IT Bosna 2015"]
[Site "Sarajevo"]
[Date "2015.05.31"]
[Round "3.35"]
[White "Maksimovic, Bojan"]
[Black "Bjelopoljak, Salko"]
[Result "0-1"]
[WhiteElo "1891"]
[BlackElo "2084"]
[PlyCount "95"]
[EventDate "2015.05.30"]

1. Nf3 d5 2. c4 d4 3. e3 c5 4. exd4 cxd4 5. d3 g6 6. g3 Bg7 7. Bg2 Nf6 8. O-O
O-O 9. a3 a5 10. Bg5 Nc6 11. Re1 h6 12. Bxf6 Bxf6 13. b3 Bg4 14. h3 Bd7 15.
Nbd2 Qc8 16. Kh2 Bg7 17. Qc2 Qc7 18. Rab1 f5 19. b4 axb4 20. axb4 e5 21. b5 Nd8
22. Rec1 Rc8 23. c5 Be6 24. Qa4 Nf7 25. c6 b6 26. Ra1 Nd6 27. Re1 Ra8 28. Qb4
Rxa1 29. Rxa1 Bf7 30. Re1 Re8 31. Nb3 g5 32. Nfd2 Bf8 33. Qa4 Bg7 34. Nf3 Kh7
35. Nbd2 Bf6 36. Ra1 Kg7 37. Qb4 h5 38. Ne1 e4 39. dxe4 fxe4 40. Rd1 e3 41.
fxe3 Nf5 42. Nf1 Nxg3 43. Nxg3 h4 44. exd4 Qxg3+ 45. Kh1 g4 46. Nc2 gxh3 47.
Rg1 hxg2+ 48. Rxg2 0-1

[Event "45th IT Bosna 2015"]
[Site "Sarajevo"]
[Date "2015.05.31"]
[Round "3.36"]
[White "Obad, Andrija"]
[Black "Nestorovic, Katarina"]
[Result "1/2-1/2"]
[WhiteElo "2074"]
[BlackElo "1764"]
[PlyCount "60"]
[EventDate "2015.05.30"]

1. e4 c5 2. Nc3 a6 3. a4 e6 4. Nge2 Nc6 5. g3 Nf6 6. Bg2 d5 7. d3 d4 8. Nb1 Be7
9. O-O O-O 10. h3 e5 11. f4 exf4 12. gxf4 Be6 13. Ng3 Qc8 14. e5 Ne8 15. f5 Bd7
16. Qe2 Bh4 17. Ne4 Nxe5 18. Bf4 Nc6 19. Qh5 Be7 20. Bg3 Nf6 21. Nxf6+ Bxf6 22.
Nd2 Nb4 23. Ne4 Nd5 24. Rae1 Bc6 25. Bd6 Re8 26. Bxc5 Qd8 27. Nd6 Re7 28. Ne4
Re8 29. Nd6 Re7 30. Ne4 Re8 1/2-1/2

[Event "45th IT Bosna 2015"]
[Site "Sarajevo"]
[Date "2015.05.31"]
[Round "3.37"]
[White "Bryn, Askild"]
[Black "Tomic, Jelena"]
[Result "0-1"]
[WhiteElo "2071"]
[BlackElo "1333"]
[PlyCount "62"]
[EventDate "2015.05.30"]

1. e4 d5 2. exd5 Qxd5 3. Nc3 Qa5 4. d4 c6 5. Bc4 Bf5 6. Nf3 Nf6 7. O-O e6 8.
Bf4 Qd8 9. Re1 Bd6 10. Ne5 O-O 11. Ne2 Qe7 12. Ng3 Bg6 13. Nxg6 hxg6 14. Bxd6
Qxd6 15. Ne4 Qe7 16. Ng5 Nbd7 17. Qd3 Nd5 18. Qg3 N7f6 19. Qh4 Rfd8 20. c3 Qd6
21. Bxd5 Qxd5 22. Re5 Qc4 23. Re3 Qb5 24. Rh3 Kf8 25. Re1 Ke7 26. Rhe3 Rd6 27.
Ne4 Rd5 28. Nxf6 gxf6 29. Qh7 Rd6 30. b3 Qd5 31. Qh3 c5 0-1

[Event "45th IT Bosna 2015"]
[Site "Sarajevo"]
[Date "2015.05.31"]
[Round "3.38"]
[White "Fejzic, Edo"]
[Black "Kozarcanin, Sead"]
[Result "0-1"]
[WhiteElo "1690"]
[BlackElo "2066"]
[PlyCount "57"]
[EventDate "2015.05.30"]

1. e4 e5 2. Nf3 Nc6 3. Bb5 a6 4. Ba4 d6 5. c3 Bd7 6. O-O g6 7. d3 Bg7 8. Re1
Nf6 9. Nbd2 O-O 10. Nf1 Nh5 11. Bg5 f6 12. Bb3+ Kh8 13. Be3 Qe8 14. Qd2 f5 15.
Bh6 fxe4 16. dxe4 Nf4 17. Bxg7+ Kxg7 18. Ng3 Qe7 19. Rad1 Bg4 20. Re3 Qf6 21.
h3 Nxg2 22. Nf5+ gxf5 23. Kxg2 fxe4 24. hxg4 exf3+ 25. Kh3 Qh6+ 26. Kg3 Qf4+
27. Kh3 Rf6 28. Rxf3 Qxf3+ 29. Kh4 0-1

[Event "45th IT Bosna 2015"]
[Site "Sarajevo"]
[Date "2015.05.31"]
[Round "3.39"]
[White "Kuzmanovic, Aleksa"]
[Black "Celik, Eda"]
[Result "1-0"]
[WhiteElo "2062"]
[BlackElo "1615"]
[PlyCount "28"]
[EventDate "2015.05.30"]

1. d4 Nf6 2. Bf4 e6 3. Nf3 c5 4. e3 Nc6 5. c4 d5 6. Nc3 cxd4 7. Nxd4 Be7 8.
cxd5 exd5 9. Ndb5 O-O 10. Nc7 Rb8 11. N7xd5 Ra8 12. Nxe7+ Qxe7 13. Bd6 Qd8 14.
Bxf8 Qxf8 1-0

[Event "45th IT Bosna 2015"]
[Site "Sarajevo"]
[Date "2015.05.31"]
[Round "3.40"]
[White "Pleh, Semir"]
[Black "Petrovic, Marija"]
[Result "0-1"]
[WhiteElo "1688"]
[BlackElo "2049"]
[PlyCount "40"]
[EventDate "2015.05.30"]

1. d4 d5 2. c4 c6 3. Qc2 Nf6 4. Nf3 Bg4 5. Ne5 e6 6. Bg5 Bf5 7. Qb3 Qb6 8. Bxf6
gxf6 9. Nd3 dxc4 10. Qxb6 axb6 11. Nc1 b5 12. f3 Bh6 13. Nd2 Be3 14. a3 Bxd4
15. Ra2 Be3 16. Ra1 Nd7 17. g4 Bg6 18. Bg2 Nc5 19. Na2 Na4 20. Nc3 Nxb2 0-1

[Event "45th IT Bosna 2015"]
[Site "Sarajevo"]
[Date "2015.05.31"]
[Round "3.43"]
[White "Becirbasic, Atif"]
[Black "Musovic, Sabrija"]
[Result "0-1"]
[WhiteElo "1843"]
[BlackElo "2043"]
[PlyCount "76"]
[EventDate "2015.05.30"]

1. e4 c5 2. Nf3 d6 3. d4 cxd4 4. Nxd4 Nf6 5. Nc3 a6 6. Bg5 e6 7. f4 h6 8. Bh4
Nbd7 9. Qf3 Qc7 10. O-O-O b5 11. e5 Bb7 12. Qh3 dxe5 13. Nxe6 Qc6 14. Nxf8 Nxf8
15. fxe5 N6d7 16. Bg3 Ne6 17. Rd6 Qc5 18. Bd3 O-O-O 19. Bf5 Ndf8 20. Rxd8+ Kxd8
21. Rd1+ Kc7 22. Bxe6 Nxe6 23. Qh5 Qe3+ 24. Kb1 g6 25. Qh4 Qg5 26. Qb4 Rd8 27.
Qa5+ Kc8 28. Rxd8+ Qxd8 29. Qxd8+ Kxd8 30. Ne2 g5 31. c3 Bxg2 32. b4 Kd7 33.
Nd4 Nf4 34. Kc2 Be4+ 35. Kd2 Ng6 36. Ke3 Bd5 37. a3 h5 38. Bf2 Nxe5 0-1

[Event "45th IT Bosna 2015"]
[Site "Sarajevo"]
[Date "2015.05.31"]
[Round "3.44"]
[White "Gavranovic, Tahir"]
[Black "Dedebas, Emre Emin"]
[Result "1/2-1/2"]
[WhiteElo "1889"]
[BlackElo "2036"]
[PlyCount "100"]
[EventDate "2015.05.30"]

1. e4 e5 2. c3 d5 3. Nf3 dxe4 4. Qa4+ Nc6 5. Nxe5 Qd5 6. Nxc6 bxc6 7. Bc4 Qd6
8. O-O Be7 9. d4 Nf6 10. g3 Bh3 11. Bf4 Qd7 12. Re1 O-O 13. Nd2 Bf5 14. Be5
Rfe8 15. Bf1 Rab8 16. Bxf6 Bxf6 17. Nc4 h5 18. Qd1 h4 19. Qd2 hxg3 20. fxg3 c5
21. d5 Rbd8 22. Ne3 Bg6 23. Qf2 Bg5 24. Rad1 Rf8 25. Nc4 Qe7 26. Ne3 f5 27. Bc4
Kh8 28. Qg2 Bh6 29. Rd2 Bh5 30. Rf2 Qg5 31. Rf4 Qg6 32. Rf2 Bf3 33. Qh3 f4 34.
Nf1 Bg4 35. Qh4 Rde8 36. b3 fxg3 37. Rxf8+ Rxf8 38. Qxg3 Qh5 39. Rxe4 Bf3 40.
Rh4 Qf5 41. Qh3 Qg5+ 42. Qg3 Qc1 43. Bd3 Qxc3 44. Qg6 Kg8 45. Qe6+ Rf7 46. Bg6
Be3+ 47. Nxe3 Qc1+ 48. Nf1 Qg5+ 49. Ng3 Qc1+ 50. Nf1 Qg5+ 1/2-1/2

[Event "45th IT Bosna 2015"]
[Site "Sarajevo"]
[Date "2015.05.31"]
[Round "3.45"]
[White "Maksimovic, Masa"]
[Black "Omanovic, Vahidin"]
[Result "0-1"]
[WhiteElo "1702"]
[BlackElo "2013"]
[PlyCount "45"]
[EventDate "2015.05.30"]

1. Nf3 g6 2. g3 Bg7 3. Bg2 c5 4. O-O Nc6 5. c4 e6 6. Nc3 d5 7. cxd5 exd5 8. d3
Nge7 9. Bf4 h6 10. h4 Be6 11. Nb5 O-O 12. Nc7 Rc8 13. Nxe6 fxe6 14. Qc1 Kh7 15.
h5 gxh5 16. e4 Ng6 17. Bg5 Qb6 18. Rb1 dxe4 19. dxe4 Nd4 20. Qe3 Nxf3+ 21. Bxf3
hxg5 22. Bxh5 Qd8 23. Kg2 0-1

[Event "45th IT Bosna 2015"]
[Site "Sarajevo"]
[Date "2015.05.31"]
[Round "3.46"]
[White "Krug, Franz-Dieter"]
[Black "Jovovic, Milan"]
[Result "0-1"]
[WhiteElo "1639"]
[BlackElo "1991"]
[PlyCount "72"]
[EventDate "2015.05.30"]

1. d4 Nf6 2. Nf3 b6 3. c4 e6 4. Bg5 Bb7 5. e3 Bb4+ 6. Nc3 h6 7. Bxf6 Qxf6 8.
Be2 c5 9. O-O O-O 10. a3 Bxc3 11. bxc3 d6 12. Rc1 Nc6 13. d5 Na5 14. e4 Rfe8
15. Qc2 Re7 16. Rfe1 Ba6 17. Nd2 Rae8 18. Bd3 Qf4 19. Re3 exd5 20. cxd5 c4 21.
Bf1 Nb3 22. g3 Qg5 23. Rce1 Nxd2 24. Qxd2 b5 25. Qd4 Qe5 26. Qd2 g5 27. Rf3 Bc8
28. Bg2 f5 29. Rfe3 f4 30. gxf4 gxf4 31. R3e2 Rg7 32. f3 Kh7 33. Kh1 Reg8 34.
Qc1 h5 35. Rb2 Bd7 36. Rb1 Rxg2 0-1

[Event "45th IT Bosna 2015"]
[Site "Sarajevo"]
[Date "2015.05.31"]
[Round "3.47"]
[White "Alic, Amir"]
[Black "Strinic, Hamdija"]
[Result "1-0"]
[WhiteElo "1964"]
[BlackElo "1690"]
[PlyCount "143"]
[EventDate "2015.05.30"]

1. d4 f5 2. g4 e6 3. gxf5 exf5 4. Bg2 d5 5. Nf3 Nf6 6. Bg5 Be7 7. Nc3 c6 8.
Bxf6 Bxf6 9. Qd2 O-O 10. h4 b5 11. h5 h6 12. Ne5 Bb7 13. O-O-O a5 14. Rdg1 Bg5
15. f4 Bf6 16. Bf3 a4 17. Rg6 b4 18. Nb1 b3 19. axb3 axb3 20. cxb3 Ra1 21. Rhg1
Kh7 22. Qc2 Bc8 23. e3 Bxe5 24. fxe5 Ra7 25. Qg2 Rff7 26. Bd1 Qf8 27. Bc2 Kh8
28. e6 Rf6 29. Rxf6 Qxf6 30. Qg6 Qxe6 31. Qxe6 Bxe6 32. Rg6 Re7 33. Kd2 Nd7 34.
Rg1 Nf6 35. Rh1 Ng4 36. Nc3 Bd7 37. Re1 Kg8 38. Na4 Kf7 39. Nc5 Bc8 40. b4 Kf6
41. b5 cxb5 42. Bb3 Kg5 43. Bxd5 Kxh5 44. Nd3 Kg5 45. Nf4 Bd7 46. Bf3 Be8 47.
Nd5 Ra7 48. Nf4 h5 49. Rc1 Kh6 50. Rc8 Re7 51. Bxg4 fxg4 52. d5 g5 53. Ne6 g3
54. Ke2 g4 55. Kf1 h4 56. Kg2 Kg6 57. e4 Kf6 58. Nc5 Bg6 59. d6 Bxe4+ 60. Nxe4+
Rxe4 61. d7 Re2+ 62. Kf1 Rd2 63. d8=Q+ Rxd8 64. Rxd8 h3 65. Rd5 g2+ 66. Kg1 b4
67. Rb5 Kg6 68. Rxb4 Kg5 69. Rc4 Kh4 70. b4 Kg3 71. Rc3+ Kh4 72. b5 1-0

[Event "45th IT Bosna 2015"]
[Site "Sarajevo"]
[Date "2015.05.31"]
[Round "3.48"]
[White "Johnen, Franz"]
[Black "Cabric, Izet"]
[Result "0-1"]
[WhiteElo "1717"]
[BlackElo "1952"]
[PlyCount "74"]
[EventDate "2015.05.30"]

1. d4 Nf6 2. Nf3 c5 3. e3 cxd4 4. exd4 e6 5. Be2 Nc6 6. O-O Bd6 7. c3 b6 8.
Nbd2 Bb7 9. Nc4 Bb8 10. Nfe5 O-O 11. Bf4 d6 12. Nxc6 Bxc6 13. Bg5 h6 14. Be3
Qc7 15. Nd2 e5 16. Bf3 e4 17. Be2 Nd5 18. c4 Nxe3 19. fxe3 d5 20. g3 Qe7 21.
Rf2 Qg5 22. Nf1 Bd7 23. cxd5 Bh3 24. Qd2 Qxd5 25. b3 b5 26. Rc1 Bd6 27. b4 Rac8
28. a3 a5 29. Rb1 axb4 30. axb4 Rc7 31. Bd1 Rfc8 32. Bb3 Qg5 33. Rb2 h5 34. Rc2
h4 35. Qc1 hxg3 36. Rxf7 gxh2+ 37. Kh1 Qg1# 0-1

[Event "45th IT Bosna 2015"]
[Site "Sarajevo"]
[Date "2015.05.31"]
[Round "3.49"]
[White "Osmanovic, Faruk"]
[Black "Can, Isil"]
[Result "1-0"]
[WhiteElo "2042"]
[BlackElo "1692"]
[PlyCount "140"]
[EventDate "2015.05.30"]

1. e4 e5 2. Nf3 Nc6 3. Bc4 Bc5 4. Nc3 Nf6 5. O-O O-O 6. d3 h6 7. Be3 Bb6 8. Qe2
d6 9. h3 Be6 10. Bxe6 fxe6 11. Rad1 Qe7 12. d4 exd4 13. Nxd4 Nxd4 14. Bxd4 e5
15. Bxb6 axb6 16. a3 Kh8 17. Nd5 Nxd5 18. Rxd5 Qf7 19. Rfd1 Qg6 20. R5d3 Rf4
21. Re1 Raf8 22. Rg3 Qf7 23. Rf1 Qf6 24. Rg4 Qe6 25. Rg3 Qf7 26. Rc3 Rc8 27.
Rd1 Qg6 28. f3 Rff8 29. Kh2 Qf7 30. Qb5 Qe7 31. a4 Ra8 32. Qc4 Rac8 33. Qd5 Rb8
34. a5 bxa5 35. Qxa5 Rfc8 36. Qd5 Qe8 37. Ra1 Qe7 38. Ra7 c6 39. Qa5 Qc7 40.
Qa2 Qb6 41. Rb3 Qc7 42. Qa4 Qf7 43. Qb4 c5 44. Qd2 Rc6 45. g3 Qf6 46. Kg2 b5
47. Qd5 Rcb6 48. Rf7 Qg6 49. Ra3 Re8 50. Raa7 Rg8 51. h4 Rbb8 52. Rad7 Rbd8 53.
Rfe7 Rge8 54. Rxe8+ Qxe8 55. Rxd6 Rc8 56. Re6 Qd8 57. Qxd8+ Rxd8 58. Kh3 Rd2
59. Rxe5 Rxc2 60. b4 cxb4 61. Rxb5 Rb2 62. Kg4 b3 63. Kf5 Kh7 64. h5 Rg2 65. g4
b2 66. e5 Rf2 67. f4 Re2 68. Rb8 Rd2 69. g5 hxg5 70. fxg5 Rf2+ 1-0

[Event "45th IT Bosna 2015"]
[Site "Sarajevo"]
[Date "2015.05.31"]
[Round "3.50"]
[White "Okuyaz, Duru"]
[Black "Karup, Edin"]
[Result "1-0"]
[WhiteElo "1835"]
[BlackElo "2156"]
[PlyCount "97"]
[EventDate "2015.05.30"]

1. e4 c5 2. Nf3 Nf6 3. Nc3 d6 4. d4 cxd4 5. Nxd4 a6 6. Bg5 e6 7. Qe2 b5 8.
O-O-O Nbd7 9. a3 Bb7 10. f4 Qb6 11. g4 Rc8 12. Bg2 e5 13. Nd5 Nxd5 14. exd5 h6
15. Bh4 g5 16. fxg5 Be7 17. Nf5 Bxg5+ 18. Bxg5 hxg5 19. h4 gxh4 20. Nxh4 Kd8
21. Nf5 Kc7 22. Ne7 Rce8 23. Nc6 Nb8 24. Rxh8 Rxh8 25. Qf3 Nxc6 26. Qxf7+ Ne7
27. Qxe7+ Kb8 28. Kb1 Rh2 29. Be4 b4 30. Qe8+ Ka7 31. Qa4 Re2 32. Bf5 bxa3 33.
Qxa3 e4 34. Qc3 e3 35. Be6 Rg2 36. Re1 e2 37. Qf3 Qg1 38. Qxe2 Qh2 39. Qe3+ Kb8
40. Bf5 Qg3 41. Qxg3 Rxg3 42. Be6 Kc7 43. Rf1 Kb6 44. Rf7 Ba8 45. b3 a5 46. Kb2
Bb7 47. Rd7 Ba6 48. Rxd6+ Kb5 49. Rd8 1-0

[Event "45th IT Bosna 2015"]
[Site "Sarajevo"]
[Date "2015.05.31"]
[Round "3.52"]
[White "Luetic, Ante"]
[Black "Agic, Ahmed"]
[Result "1/2-1/2"]
[WhiteElo "2035"]
[BlackElo "1843"]
[PlyCount "116"]
[EventDate "2015.05.30"]

1. c4 Nf6 2. Nc3 e5 3. Nf3 Nc6 4. d3 Bb4 5. Bg5 d6 6. g3 Bd7 7. Bg2 h6 8. Bxf6
Bxc3+ 9. bxc3 Qxf6 10. Rb1 Rb8 11. O-O O-O 12. Re1 Rfe8 13. Nd2 Qg6 14. Rb2 Nd8
15. d4 e4 16. e3 f5 17. Nb3 c6 18. Qb1 Qf7 19. c5 d5 20. Na5 Be6 21. Qc2 Qc7
22. Qa4 b6 23. cxb6 axb6 24. Nb3 Nf7 25. Nd2 b5 26. Qc2 g5 27. Nb3 f4 28. exf4
gxf4 29. gxf4 Qxf4 30. Re3 Ng5 31. Rg3 Bf5 32. Qd2 Qh4 33. Qe3 Kh7 34. Nd2 Rg8
35. Nf1 Rbe8 36. a4 bxa4 37. Rb7+ Kh8 38. c4 Rb8 39. Rxb8 Rxb8 40. Qa3 Ne6 41.
cxd5 cxd5 42. Qd6 Rf8 43. Ne3 Qf6 44. Nxd5 Qxd4 45. Qc6 a3 46. Rxa3 Qd1+ 47.
Bf1 Qd2 48. Qc3+ Qxc3 49. Rxc3 Rd8 50. Ne7 Bg4 51. Ng6+ Kh7 52. Ne5 Bh5 53. f3
Rd5 54. Ng4 Bxg4 55. fxg4 Rg5 56. h3 h5 57. Bg2 hxg4 58. Bxe4+ Kg7 1/2-1/2

[Event "45th IT Bosna 2015"]
[Site "Sarajevo"]
[Date "2015.05.31"]
[Round "3.53"]
[White "Miladinovic, Zlatko"]
[Black "Janjic, Nikola"]
[Result "1-0"]
[WhiteElo "2029"]
[BlackElo "1831"]
[PlyCount "67"]
[EventDate "2015.05.30"]

1. d4 d5 2. Nf3 Nf6 3. Bg5 c6 4. Nbd2 h6 5. Bxf6 exf6 6. c4 dxc4 7. Nxc4 Bb4+
8. Ncd2 Bg4 9. a3 Bxf3 10. gxf3 Ba5 11. b4 Bb6 12. e3 O-O 13. Bc4 Re8 14. Kf1
Bc7 15. Qc2 Qd7 16. Qg6 Kf8 17. Qh7 b5 18. Bb3 Qh3+ 19. Ke2 Qh5 20. Qh8+ Ke7
21. Qxg7 Qg6 22. Rhg1 Qxg7 23. Rxg7 Rf8 24. Rh7 a5 25. Rg1 Bxh2 26. Rgg7 Bc7
27. Bxf7 Kd8 28. d5 axb4 29. axb4 cxd5 30. Bxd5 Ra7 31. Ne4 Na6 32. Rd7+ Kc8
33. Nd6+ Kb8 34. Nxb5 1-0

[Event "45th IT Bosna 2015"]
[Site "Sarajevo"]
[Date "2015.05.31"]
[Round "3.54"]
[White "Delic, Jasmin"]
[Black "Hamzic, Adil"]
[Result "1-0"]
[WhiteElo "1987"]
[BlackElo "1823"]
[PlyCount "71"]
[EventDate "2015.05.30"]

1. e4 c5 2. Nf3 d6 3. d4 cxd4 4. Nxd4 Nf6 5. Nc3 a6 6. Bc4 e6 7. Bb3 Be7 8. Bg5
O-O 9. Qf3 Qc7 10. O-O-O Nc6 11. Rhe1 Na5 12. Qg3 Nxb3+ 13. axb3 Nh5 14. Qh4
Bxg5+ 15. Qxg5 g6 16. g4 Ng7 17. Re3 f6 18. Qh6 Ne8 19. f4 Qg7 20. Qh3 e5 21.
Nde2 Be6 22. f5 Bf7 23. Red3 Rc8 24. Qe3 b5 25. Qb6 d5 26. exd5 b4 27. Qxb4
Qh6+ 28. Kb1 Nc7 29. d6 Nb5 30. d7 Rcd8 31. Nxb5 axb5 32. Ng3 Qf4 33. Qxf4 exf4
34. Ne4 Kg7 35. Nc5 gxf5 36. gxf5 1-0

[Event "45th IT Bosna 2015"]
[Site "Sarajevo"]
[Date "2015.05.31"]
[Round "3.55"]
[White "Arda, Cagil Irmak"]
[Black "Colpa, Fahrudin"]
[Result "1-0"]
[WhiteElo "1822"]
[BlackElo "1978"]
[PlyCount "89"]
[EventDate "2015.05.30"]

1. e4 Nc6 2. Nf3 d5 3. exd5 Qxd5 4. Be2 Bg4 5. d4 Nf6 6. c4 Qh5 7. Be3 O-O-O 8.
O-O e6 9. h3 Bxh3 10. gxh3 Qxh3 11. Ng5 Qh4 12. Nxf7 Bd6 13. Nxd6+ Rxd6 14. Qe1
Nxd4 15. Bxd4 Rxd4 16. f4 Rxf4 17. Qxh4 Rxh4 18. Nc3 h5 19. Rad1 Rh6 20. Rf2 c6
21. Rg2 Ng4 22. Bxg4 hxg4 23. Rd4 Rh1+ 24. Kf2 Rf6+ 25. Kg3 Rhf1 26. Rxg4 g6
27. Ne4 R6f3+ 28. Kh2 Rf4 29. Nd2 Rxg4 30. Rxg4 Rd1 31. Ne4 Rd4 32. Nf6 e5 33.
Rxd4 exd4 34. Ne4 Kd7 35. Kg3 b6 36. b4 Ke6 37. Kf4 a6 38. Nf2 g5+ 39. Ke4 c5
40. bxc5 bxc5 41. Nd3 Kd6 42. Kf5 Kc6 43. Kxg5 Kb6 44. Kf5 Ka5 45. Ke5 1-0

[Event "45th IT Bosna 2015"]
[Site "Sarajevo"]
[Date "2015.05.31"]
[Round "3.56"]
[White "Hadziselimovic, Bernardina"]
[Black "Lakota, Izet"]
[Result "1-0"]
[WhiteElo "1935"]
[BlackElo "1790"]
[PlyCount "49"]
[EventDate "2015.05.30"]

1. e4 d5 2. exd5 Qxd5 3. Nc3 Qd8 4. d4 c6 5. Bf4 Nf6 6. Nf3 g6 7. Qd2 Bg7 8.
O-O-O Qa5 9. Re1 Nd5 10. Nxd5 Qxd2+ 11. Bxd2 cxd5 12. Bb4 e6 13. c3 Nc6 14. Bd6
Bd7 15. h4 h5 16. Bd3 O-O-O 17. Kb1 Bf6 18. Ng5 Bxg5 19. hxg5 Be8 20. Bg3 a6
21. f3 b5 22. Bf2 Bd7 23. Rh4 Ne7 24. Rc1 Bc6 25. Rhh1 1-0

[Event "45th IT Bosna 2015"]
[Site "Sarajevo"]
[Date "2015.05.31"]
[Round "3.57"]
[White "Arda, Dogasu"]
[Black "Colpa, Husein"]
[Result "0-1"]
[WhiteElo "1529"]
[BlackElo "1932"]
[PlyCount "72"]
[EventDate "2015.05.30"]

1. d4 Nf6 2. Nf3 g6 3. g3 Bg7 4. Bg2 c5 5. c4 cxd4 6. Nxd4 Nc6 7. Nxc6 bxc6 8.
O-O a5 9. Nc3 Ba6 10. b3 O-O 11. Qc2 Rc8 12. Bb2 d5 13. Rfd1 e6 14. e4 Bb7 15.
Na4 Qe7 16. Nb6 Rcd8 17. exd5 cxd5 18. cxd5 exd5 19. Bd4 Rfe8 20. Qc3 Ne4 21.
Bxe4 Bxd4 22. Rxd4 dxe4 23. Nc4 Rxd4 24. Qxd4 Rd8 25. Qb6 e3 26. Qxe3 Qd7 27.
f3 Re8 28. Qf2 Qd3 29. Qf1 Re2 30. Rd1 Qc2 31. Rd8+ Kg7 32. Qa1+ Kh6 33. Ne3
Rxe3 34. g4 Bxf3 35. Qf1 Re1 36. g5+ Kh5 0-1

[Event "45th IT Bosna 2015"]
[Site "Sarajevo"]
[Date "2015.05.31"]
[Round "3.58"]
[White "Oputic, Mirsad"]
[Black "Demic, Aleksandar"]
[Result "1-0"]
[WhiteElo "1930"]
[BlackElo "1673"]
[PlyCount "72"]
[EventDate "2015.05.30"]

1. e4 c5 2. c4 d6 3. Nc3 Nf6 4. d3 g6 5. Be2 Bg7 6. Bg5 O-O 7. h4 h6 8. Be3 Qb6
9. Qd2 Ng4 10. Bxg4 Bxg4 11. f3 Bd7 12. Nge2 Kh7 13. Nd5 Qd8 14. g4 e6 15. Ndc3
Nc6 16. f4 Nd4 17. Bxd4 cxd4 18. Nd1 f5 19. gxf5 exf5 20. h5 g5 21. Nf2 fxe4
22. Nxe4 gxf4 23. Nxf4 Be5 24. Ng6 Rf3 25. O-O-O Bf5 26. Rdg1 Bxe4 27. dxe4 Rc8
28. Kb1 Qf6 29. Nxe5 dxe5 30. Qb4 Rc7 31. Qb5 Rg7 32. Rxg7+ Qxg7 33. Qe8 a6 34.
Rd1 Rg3 35. Qd8 Qg5 36. Qd7+ Qg7 1-0

[Event "45th IT Bosna 2015"]
[Site "Sarajevo"]
[Date "2015.06.01"]
[Round "4.1"]
[White "Kozul, Zdenko"]
[Black "Heberla, Bartlomiej"]
[Result "1-0"]
[WhiteElo "2620"]
[BlackElo "2556"]
[PlyCount "133"]
[EventDate "2015.05.30"]

1. d4 d5 2. Nf3 a6 3. e3 Nf6 4. c4 e6 5. a3 b6 6. b3 Bb7 7. Bb2 Nbd7 8. Bd3 Bd6
9. O-O O-O 10. Nbd2 c5 11. cxd5 exd5 12. Bf5 Qe7 13. Qb1 Rad8 14. Rd1 Rfe8 15.
dxc5 bxc5 16. b4 cxb4 17. axb4 Ne4 18. Nxe4 dxe4 19. Nd4 Nb6 20. b5 axb5 21.
Nxb5 Bb8 22. Bd4 Nd5 23. g3 g6 24. Bh3 Be5 25. Qb2 Bxd4 26. Nxd4 Ba8 27. Ra4
Rb8 28. Qa1 Bb7 29. Bg2 Ra8 30. Rc1 Rxa4 31. Qxa4 Nf6 32. Bh3 Bd5 33. Qa5 Ra8
34. Qb6 Kg7 35. Rc7 Ra6 36. Rxe7 Rxb6 37. Rc7 Rb7 38. Rc5 Rb1+ 39. Bf1 Bb7 40.
Kg2 Rb2 41. Be2 h5 42. h3 Nd5 43. g4 h4 44. Rc1 Kf6 45. Kf1 Ke5 46. Bc4 f6 47.
Ne2 Nb6 48. Nf4 Nxc4 49. Nxg6+ Ke6 50. Nxh4 Rb1 51. Rxb1 Nd2+ 52. Kg2 Nxb1 53.
Nf5 Nd2 54. Kg3 Ke5 55. Ne7 Nf3 56. h4 Ke6 57. Nf5 Bd5 58. Nd4+ Nxd4 59. exd4
Bb3 60. Kf4 Bd1 61. h5 Kf7 62. d5 Kg7 63. d6 Ba4 64. Kxe4 Bd7 65. f4 Kh6 66. f5
Kg5 67. Kd4 1-0

[Event "45th IT Bosna 2015"]
[Site "Sarajevo"]
[Date "2015.06.01"]
[Round "4.2"]
[White "Stevic, Hrvoje"]
[Black "Kadric, Denis"]
[Result "1-0"]
[WhiteElo "2596"]
[BlackElo "2493"]
[PlyCount "87"]
[EventDate "2015.05.30"]

1. e4 d6 2. d4 Nf6 3. Nc3 e5 4. dxe5 dxe5 5. Qxd8+ Kxd8 6. Bc4 Ke8 7. Nf3 Bd6
8. Bg5 Nbd7 9. O-O-O a6 10. a4 b6 11. Bxf6 Nxf6 12. Ng5 Rf8 13. Nd5 Be6 14.
Nxb6 Rb8 15. Nd5 Bxd5 16. Bxd5 Ke7 17. Rhe1 Rb4 18. b3 h6 19. Nf3 Rfb8 20. Re2
a5 21. Rd3 R4b6 22. Nd2 c6 23. Bc4 R6b7 24. Rf3 Rd8 25. Kb2 Rbd7 26. Bd3 Ne8
27. Nc4 Bc7 28. h4 f6 29. Rg3 Kf8 30. h5 Nd6 31. Nd2 Nb7 32. Nf3 Nc5 33. Bc4
Rd1 34. Nh4 Rh1 35. Ng6+ Ke8 36. Ne7 Rdd1 37. Nxc6 Kf8 38. Bd5 Bd6 39. Kc3 Rb1
40. Kc4 Rxh5 41. Kb5 Rhh1 42. Nxa5 Rhc1 43. Rc3 Nd7 44. Rc8+ 1-0

[Event "45th IT Bosna 2015"]
[Site "Sarajevo"]
[Date "2015.06.01"]
[Round "4.5"]
[White "Markus, Robert"]
[Black "Burovic, Ismet"]
[Result "1-0"]
[WhiteElo "2628"]
[BlackElo "2354"]
[PlyCount "83"]
[EventDate "2015.05.30"]

1. d4 d6 2. Nf3 Nd7 3. c4 e5 4. Nc3 c6 5. e4 Ngf6 6. Be2 Be7 7. O-O O-O 8. Be3
exd4 9. Nxd4 Nc5 10. f3 a5 11. Qd2 Re8 12. Rfd1 a4 13. Bf1 Qa5 14. Rab1 g6 15.
b4 axb3 16. axb3 Ne6 17. b4 Qc7 18. Nb3 Nd7 19. Kh1 Ng7 20. Ra1 Rxa1 21. Rxa1
Ne5 22. Rc1 f5 23. b5 fxe4 24. Nxe4 Nf5 25. Bf2 c5 26. Nc3 Qd8 27. Nd5 Bg5 28.
f4 Bh6 29. Be2 Be6 30. g4 Bxd5+ 31. Qxd5+ Nf7 32. Bf3 Ne3 33. Qxb7 Bxf4 34. Re1
Qg5 35. Nd2 d5 36. Bxe3 Qh4 37. Bxf4 Qxe1+ 38. Kg2 g5 39. Bxg5 Nxg5 40. Qxd5+
Ne6 41. Ne4 Qa1 42. Nxc5 1-0